000 00340nam a2200133 4500
005 20260530113909.0
100 1 _aGuiseppe Masheroni
_933132
245 1 0 _aLos miniapartamentos
264 1 _bEditorial de Vechi
_c1999
300 _a156 páginas
336 _atexto
_2rdacontent
337 _asin medio
_2rdamedia
338 _avolumen
_2rdacarrier
999 _c12056
_d12056